Black Panther - Portrayals by Picture - Statistics

General Stats
  • This quiz has been taken 10 times
  • The average score is 2 of 15
Answer Stats
Picture Answer % Correct
Chadwick Boseman
100%
Keith David
25%
Christopher Judge
13%
Djimon Hounsou
13%
Jeffrey Bowyer-Chapman
13%
Taye Diggs
13%
James C. Mathis III
0%
James C. Mathis III
0%
James C. Mathis III
0%
James C. Mathis III / John Eric Bentley
0%
Jeffrey D. Sams
0%
Mahito Ōba / James C. Mathis III
0%
Mahito Ōba / James C. Mathis III
0%
Phil LaMarr / Tim Russ / James C. Mathis III
0%
Tru Valentino
0%
No matching quizzes found
Score Distribution
Percent of People with Each Score
Percentile by Number Answered
Your Score History
You have not taken this quiz